000 00816nam a2200181 a 4500
001 000133901
003 AM-YeHGA
005 20250617161254.0
008 981218s1969 ||||||||||||||||||||rus d
040 _aAM-YeHGA
100 1 _aСаакян, Р.А.
245 1 0 _aОб ускорении инерции, возникающем в относительном движении под воздействием внешных сил /
_cР.А. Саакян ; АН АрмССР. Бюраканская астрофизическая обсерватория.
260 _aЕреван :
_bИзд-во АН АрмССР,
_c1969.
300 _a47 с.
650 1 4 _aАстрофизика
710 2 _aБюраканская астрофизическая обсерватория АН АрмССР
090 _c471683
999 _c468443
_d468443